| 000 | 01307njm a2200385 c 4500 | ||
|---|---|---|---|
| 001 | BV023221929 | ||
| 003 | DE-604 | ||
| 005 | 20240223110452.0 | ||
| 015 |
_a07,N04,2465 _2dnb |
||
| 015 |
_a07,A16,2104 _2dnb |
||
| 016 | 7 |
_a982383320 _2DE-101 |
|
| 020 |
_a9783789103124 _c: EUR 9.95 (DE, freier Pr.), EUR 10.30 (AT, freier Pr.), sfr 19.10 (freier Pr.) |
||
| 020 |
_a3789103128 _c: EUR 9.95 (DE, freier Pr.), EUR 10.30 (AT, freier Pr.), sfr 19.10 (freier Pr.) |
||
| 024 | 3 | _a9783789103124 | |
| 028 | 5 | 2 | _a0312 |
| 035 | _a(DE-599)DNB982383320 | ||
| 040 |
_aDE-604 _bger _erakddb _cgesm |
||
| 041 | 0 | _ager | |
| 044 |
_agw _cXA-DE-HH |
||
| 049 | _aDE-M336 | ||
| 084 |
_aGE 6919 _2rvk |
||
| 084 |
_aK _2sdnb |
||
| 100 | 1 | _aBoie, Kirsten | |
| 240 | 0 | 0 | _aKing-Kong, das Geheimschwein ; King-Kong, das Reiseschwein |
| 245 | 0 | 0 | _aKing-Kong, das Geheimschwein ; King-Kong, das Reiseschwein |
| 246 | 0 | _aKing-Kong, das Reiseschwein | |
| 246 | 0 | _aOetinger audio | |
| 300 |
_a1 CD _c12 cm |
||
| 490 | 0 | _aOetinger audio | |
| 700 | 1 |
_aBoie, Kirsten _d1950- _eSonstige _4oth |
|
| 700 | 1 |
_aMues, Jona _d1981- _eSonstige _4oth |
|
| 700 | 1 |
_aGustavus, Frank _d1970- _eSonstige _4oth |
|
| 856 | 4 | 2 |
_qtext/html _uhttp://deposit.d-nb.de/cgi-bin/dokserv?id=2892830&prov=M&dok_var=1&dok_ext=htm _3Inhaltstext |
| 942 | _cCD | ||
| 999 |
_c4227 _d4227 |
||